Countries that sell video games the most - Statistics

General Stats
  • This quiz has been taken 267 times
  • The average score is 16 of 20
Answer Stats
Sales (in billion $) Answers % Correct
31,54 United States
100%
34,4 China
98%
17,72 Japan
98%
4,73 United Kingdom
95%
2,4 Canada
92%
3,37 France
92%
4,99 Germany
91%
1,58 Mexico
89%
1,45 Brazil
87%
2,17 Italy
86%
1,66 Russia
86%
1,29 Australia
85%
1,11 India
83%
2,2 Spain
82%
5,76 South Korea
77%
1,08 Indonesia
60%
0,87 Turkey
51%
0,65 Netherlands
48%
1,23 Taiwan
44%
0,67 Thaïland
44%
No matching quizzes found
Score Distribution
Percent of People with Each Score
Percentile by Number Answered
Your Score History
You have not taken this quiz